000
00453nam a2200169Ia 4500
008
090124s9999 xx 000 0 und d
082
_b
47526
100
_a
वर्दे दीपा
245
_a
प्रतिशोध
250
_a
1
260
_c
2008
600
_a
वर्दे दीपा
630
_a
प्रतिशोध
700
_a
वर्दे दीपा
730
_a
प्रतिशोध
942
_c
BOOK
999
_c
113860
_d
113860